[Event "Omegna op-B 2nd"]
[Site "Omegna"]
[Date "2014.08.08"]
[Round "1"]
[White "Gbessou, Remi Stephan"]
[Black "Alberio, Nicolo"]
[Result "0-1"]
[WhiteElo "1323"]
[BlackElo "1659"]
[PlyCount "86"]
[EventDate "2014.08.08"]
[EventType "swiss"]
[EventRounds "5"]
[EventCountry "ITA"]
[SourceTitle "EXT 2015"]
[Source "ChessBase"]
[SourceDate "2014.11.20"]
[SourceVersion "1"]
[SourceVersionDate "2014.11.20"]
[SourceQuality "1"]

1. e4 c5 2. Nf3 Nc6 3. d4 cxd4 4. Bc4 e6 5. 0-0 Bc5 6. e5 d5 7. Be2 Nge7 8. Nbd2 a6 9. c4 dxc3 10. bxc3 Ng6 11. Nb3 Be7 12. Be3 0-0 13. Qd2 Ngxe5 14. Nxe5 Nxe5 15. Bd4 Nc6 16. Be3 b5 17. a3 Bb7 18. Nc1 Rc8 19. Nd3 Na5 20. Ne1 Nc4 21. Bxc4 Rxc4 22. Nd3 f6 23. Nf4 Qc8 24. Rfc1 e5 25. Nh5 Rd8 26. Bh6 g6 27. Ng3 Qc6 28. Qe3 d4 29. Qe4 Qxe4 30. Nxe4 Bxe4 31. cxd4 Rdxd4 32. Be3 Rxc1+ 33. Rxc1 Rc4 34. a4 Rxc1+ 35. Bxc1 Bd3 36. a5 Bb4 37. g3 Bxa5 38. Ba3 b4 39. Bc1 Bb6 40. Be3 Bxe3 41. fxe3 b3 42. Kg2 b2 43. Kf3 b1Q 0-1